Barcelona 4-0 Real Madrid Lineups - Statistics

General Stats
  • This quiz has been taken 95 times
  • The average score is 21 of 30
Answer Stats
Real Madrid Lineup Nationality % Correct
Robert Lewandowski Poland
88%
Andriy Lunin Ukraine
86%
Pedri Spain
85%
Jules Kounde France
82%
Kylian Mbappe France
82%
Lamine Yamal Spain
82%
Vinicius Junior Brazil
81%
Luka Modric Croatia
79%
Antonio Rudiger Germany
78%
Eduardo Camavinga France
78%
Alejandro Balde Spain
76%
Jude Bellingham England
76%
Pau Cubarsi Spain
76%
Federico Valverde Uruguay
75%
Frenkie De Jong Netherlands
75%
Pablo Gavi Spain
75%
Inaki Pena Spain
74%
Ferland Mendy France
72%
Inigo Martinez Spain
72%
Eder Militao Brazil
71%
Carlo Ancelotti Italy
68%
Hansi Flick Germany
68%
Dani Olmo Spain
65%
Brahim Diaz Spain/Morocco
61%
Marc Casado Spain
60%
Raphina Brazil
58%
Lucas Vazquez Spain
54%
Fran Garcia Spain
50%
Fermin Lopez Spain
36%
Aurelien Tchoumeni France
15%
No matching quizzes found
Score Distribution
Percent of People with Each Score
Percentile by Number Answered
Your Score History
You have not taken this quiz